[Event "Titled Tuesday intern op 19th Sep Late"]
[Site "Chess.com INT"]
[Date "2023.09.19"]
[Round "1"]
[White "Mesquita, Eduardo Barbosa"]
[Black "Geivondian, Arman"]
[Result "0-1"]
[WhiteElo "2008"]
[BlackElo "2297"]
[PlyCount "60"]
[EventDate "2023.09.19"]
[EventType "swiss (blitz)"]
[EventRounds "11"]
[EventCountry "USA"]
[SourceTitle "EXT 2024"]
[Source "ChessBase"]
[SourceDate "2023.10.10"]
[SourceVersion "1"]
[SourceVersionDate "2023.10.10"]
[SourceQuality "1"]

1. e4 c5 2. Nf3 Nc6 3. d4 cxd4 4. c3 dxc3 5. Nxc3 d6 6. Bc4 Nf6 7. Qe2 Bg4 8. h3 Bxf3 9. Qxf3 e6 10. Bb3 Be7 11. Be3 0-0 12. Rd1 Rc8 13. 0-0 Qa5 14. Qe2 Rfd8 15. f4 d5 16. e5 Ne4 17. Nxe4 dxe4 18. f5 Qxe5 19. fxe6 f5 20. Rd7 Kf8 21. Rd5 Rxd5 22. Qh5 Nd8 23. Bxd5 Bf6 24. Rxf5 Qxb2 25. Qxh7 Rc2 26. Bc5+ Rxc5 27. Qg8+ Ke7 28. Bxe4 Rc1+ 29. Kh2 Be5+ 30. Rxe5 Qxe5+ 0-1

[Event "Titled Tuesday intern op 19th Sep Late"]
[Site "Chess.com INT"]
[Date "2023.09.19"]
[Round "4"]
[White "Shubenkova, Veronika"]
[Black "Geivondian, Arman"]
[Result "1-0"]
[WhiteElo "2008"]
[BlackElo "2297"]
[PlyCount "115"]
[EventDate "2023.09.19"]
[EventType "swiss (blitz)"]
[EventRounds "11"]
[EventCountry "USA"]
[SourceTitle "EXT 2024"]
[Source "ChessBase"]
[SourceDate "2023.10.10"]
[SourceVersion "1"]
[SourceVersionDate "2023.10.10"]
[SourceQuality "1"]

1. c4 d5 2. cxd5 Qxd5 3. Nc3 Qd8 4. Nf3 c6 5. g3 Nf6 6. Bg2 g6 7. 0-0 Bg7 8. d3 0-0 9. Bg5 Re8 10. Bxf6 Bxf6 11. Qc2 Na6 12. a3 Nc7 13. Rad1 Be6 14. d4 Bg7 15. e4 Qc8 16. Ng5 Bc4 17. Rfe1 Rd8 18. Bh3 Qb8 19. e5 h6 20. Nce4 Bd5 21. Nf3 e6 22. Bg2 Ne8 23. b4 a5 24. Nc5 axb4 25. axb4 b6 26. Ne4 Nc7 27. Nd6 Bf8 28. Ne4 Bg7 29. Nf6+ Bxf6 30. exf6 Nb5 31. Qc1 Kh7 32. Ne5 Bxg2 33. Nxf7 g5 34. Qc2+ Kg8 35. Qg6+ Kf8 36. Qg7+ Ke8 37. Rxe6+ Kd7 38. Nxg5+ Kc8 39. Kxg2 Nd6 40. Ne4 Ra7 41. Nxd6+ Rxd6 42. Re8+ Rd8 43. Rxd8+ Kxd8 44. Qf8+ Kc7 45. Qxh6 Qe8 46. Qf4+ Kc8 47. d5 Rd7 48. Ra1 Kb7 49. dxc6+ Kxc6 50. Qc4+ Kb7 51. Qa6+ Kc7 52. Rc1+ Kb8 53. Qxb6+ Rb7 54. Qd6+ Ka8 55. Ra1+ Ra7 56. Rxa7+ Kxa7 57. Qe7+ Qxe7 58. fxe7 1-0

[Event "Titled Tuesday intern op 05th Sep Early"]
[Site "Chess.com INT"]
[Date "2023.09.05"]
[Round "4"]
[White "Geivondian, Arman"]
[Black "Starosta, Martyna"]
[Result "0-1"]
[WhiteElo "2297"]
[BlackElo "2180"]
[PlyCount "172"]
[EventDate "2023.09.05"]
[EventType "swiss (blitz)"]
[EventRounds "11"]
[EventCountry "USA"]
[SourceTitle "EXT 2024"]
[Source "ChessBase"]
[SourceDate "2023.10.10"]
[SourceVersion "1"]
[SourceVersionDate "2023.10.10"]
[SourceQuality "1"]

1. e4 e5 2. Nf3 Nc6 3. Nc3 Nf6 4. h3 d5 5. exd5 Nxd5 6. Bb5 Nxc3 7. bxc3 e4 8. Nd4 Bd7 9. Bxc6 bxc6 10. 0-0 c5 11. Nb3 Bd6 12. Qe2 0-0 13. Qxe4 a5 14. d3 Re8 15. Qf3 a4 16. Nd2 Be5 17. Ne4 Bc6 18. Be3 Bxc3 19. Rab1 Bd4 20. Rfe1 a3 21. Qg4 Bxe3 22. Rxe3 Qd4 23. Rbe1 Rab8 24. Qg3 Bxe4 25. Rxe4 Rxe4 26. Rxe4 Qd7 27. Qe3 Rb1+ 28. Kh2 Qd6+ 29. f4 h6 30. Re5 Rb2 31. Qe4 g6 32. Rd5 Qf6 33. Rxc5 Rxa2 34. Rxc7 Ra1 35. Rc6 Qg7 36. Ra6 a2 37. Qe5 Qxe5 38. fxe5 Kf8 39. Kg3 Ke7 40. Kf2 h5 41. Ke3 Re1+ 42. Kd4 a1Q+ 43. Rxa1 Rxa1 44. Kd5 Ra5+ 45. Ke4 Ke6 46. d4 f5+ 47. exf6 Kxf6 48. c4 Ke6 49. g4 hxg4 50. hxg4 Ra4 51. Kd3 g5 52. Kc3 Kd6 53. Kb3 Ra1 54. Kb4 Rb1+ 55. Kc3 Rc1+ 56. Kd3 Rg1 57. Kc3 Rxg4 58. Kd3 Rg3+ 59. Ke4 g4 60. Kf4 Rg1 61. Ke4 g3 62. c5+ Kc6 63. Kf3 Kd5 64. Ke3 g2 65. Kf2 Rc1 66. Kxg2 Kxd4 67. c6 Rxc6 68. Kf3 Re6 69. Kg4 Rf6 70. Kg5 Rf1 71. Kg4 Ke4 72. Kg5 Ke5 73. Kg4 Rf8 74. Kg3 Ke4 75. Kg2 Ke3 76. Kg1 Ke2 77. Kg2 Rg8+ 78. Kh3 Kf2 79. Kh4 Kf3 80. Kh5 Kf4 81. Kh6 Rg1 82. Kh7 Kf5 83. Kh6 Rg2 84. Kh7 Kf6 85. Kh8 Kf7 86. Kh7 Rh2# 0-1

[Event "Titled Tuesday intern op 29th Aug Early"]
[Site "Chess.com INT"]
[Date "2023.08.29"]
[Round "2"]
[White "Bryakin, Mikhail"]
[Black "Geivondian, Arman"]
[Result "1/2-1/2"]
[WhiteElo "2462"]
[BlackElo "2306"]
[PlyCount "117"]
[EventDate "2023.08.29"]
[EventType "swiss (blitz)"]
[EventRounds "11"]
[EventCountry "USA"]
[SourceTitle "EXT 2024"]
[Source "ChessBase"]
[SourceDate "2023.10.10"]
[SourceVersion "1"]
[SourceVersionDate "2023.10.10"]
[SourceQuality "1"]

1. Nf3 Nf6 2. c4 c5 3. b3 d5 4. cxd5 Nxd5 5. Bb2 Nc6 6. g3 Bf5 7. d3 Bg6 8. Bg2 f6 9. 0-0 e5 10. Nc3 Nc7 11. Nh4 Qd7 12. a3 Be7 13. Nxg6 hxg6 14. b4 cxb4 15. axb4 Bxb4 16. Qb3 a5 17. Na4 Qd6 18. Nb6 Rd8 19. Rfc1 Ne6 20. Nc4 Qd7 21. Nb6 Qd6 22. Nd5 Ned4 23. Qd1 0-0 24. e3 Nf5 25. Nxb4 Nxb4 26. Rxa5 Qxd3 27. Qe1 Nc2 28. Qc3 b6 29. Ra2 Qxc3 30. Bxc3 Ncxe3 31. fxe3 Nxe3 32. Bf3 Rc8 33. Bd2 Rxc1+ 34. Bxc1 Nf5 35. Ra6 Rb8 36. Bb2 b5 37. Bd5+ Kh7 38. Kf2 Kh6 39. g4 Ne7 40. Be4 b4 41. h4 Rc8 42. Ke3 Rd8 43. Rb6 Nd5+ 44. Bxd5 Rxd5 45. Rxb4 g5 46. h5 Rd1 47. Ke2 Rg1 48. Kf3 Rf1+ 49. Kg2 Rb1 50. Rb8 Kh7 51. Bxe5 Rxb8 52. Bxb8 g6 53. Kf3 gxh5 54. gxh5 Kh6 55. Kg4 f5+ 56. Kxf5 Kxh5 57. Bf4 g4 58. Bg3 Kh6 59. Kxg4 1/2-1/2

[Event "Titled Tuesday intern op 29th Aug Late"]
[Site "Chess.com INT"]
[Date "2023.08.29"]
[Round "3"]
[White "Ivic, Velimir"]
[Black "Geivondian, Arman"]
[Result "0-1"]
[WhiteElo "2570"]
[BlackElo "2306"]
[PlyCount "78"]
[EventDate "2023.08.29"]
[EventType "swiss (blitz)"]
[EventRounds "11"]
[EventCountry "USA"]
[SourceTitle "EXT 2024"]
[Source "ChessBase"]
[SourceDate "2023.10.10"]
[SourceVersion "1"]
[SourceVersionDate "2023.10.10"]
[SourceQuality "1"]

1. e4 c6 2. Nc3 d5 3. Nf3 dxe4 4. Nxe4 Nf6 5. Qe2 Bf5 6. Nxf6+ gxf6 7. d3 Nd7 8. g3 e6 9. Bg2 Qc7 10. Nh4 Bg6 11. 0-0 Bd6 12. Bd2 0-0-0 13. b4 Rhe8 14. Rab1 Nb6 15. b5 c5 16. a4 Be5 17. a5 Nd5 18. b6 axb6 19. axb6 Qd6 20. Qf3 Re7 21. Rb5 Nc3 22. Rb3 Nd5 23. Rfb1 f5 24. Rb5 Nc3 25. Ra5 Nxb1 26. Ra8+ Kd7 27. Qxb7+ Ke8 28. Qc6+ Qxc6 29. Bxc6+ Red7 30. Bxd7+ Kxd7 31. Ra7+ Kc6 32. Ba5 Rd7 33. Nf3 Bb8 34. Rxd7 Kxd7 35. Kf1 Kc6 36. c4 f4 37. Ne1 fxg3 38. hxg3 Kb7 39. f4 Ka6 0-1

[Event "Titled Tuesday intern op 29th Aug Late"]
[Site "Chess.com INT"]
[Date "2023.08.29"]
[Round "9"]
[White "Mesa Cruz, Juan Carlos"]
[Black "Geivondian, Arman"]
[Result "0-1"]
[WhiteElo "2145"]
[BlackElo "2306"]
[PlyCount "90"]
[EventDate "2023.08.29"]
[EventType "swiss (blitz)"]
[EventRounds "11"]
[EventCountry "USA"]
[SourceTitle "EXT 2024"]
[Source "ChessBase"]
[SourceDate "2023.10.10"]
[SourceVersion "1"]
[SourceVersionDate "2023.10.10"]
[SourceQuality "1"]

1. Nf3 Nf6 2. g3 d5 3. Bg2 g6 4. 0-0 Bg7 5. d3 0-0 6. c3 c5 7. Nbd2 Bf5 8. Re1 Nc6 9. Qb3 Qb6 10. e4 Qxb3 11. Nxb3 dxe4 12. dxe4 Nxe4 13. Nh4 c4 14. Nxf5 gxf5 15. Be3 cxb3 16. axb3 a6 17. g4 Nd6 18. Bc5 Rfe8 19. h3 fxg4 20. hxg4 Rac8 21. b4 Nc4 22. Re2 e6 23. f4 b6 24. Bxc6 Rxc6 25. Rxa6 Rec8 26. Bf2 b5 27. Ra7 R6c7 28. Ra6 h6 29. Kg2 Rd7 30. Be1 Rcd8 31. f5 exf5 32. gxf5 Rd6 33. Ra7 Bf6 34. Rb7 Rd5 35. b3 Nd6 36. Rb6 Rxf5 37. Bg3 Nc8 38. Rc6 Ne7 39. Rxf6 Rxf6 40. Rxe7 Rd2+ 41. Kh3 Rd3 42. Kh4 Re6 43. Rc7 Re4+ 44. Kh5 Rxg3 45. Kxh6 Rh4# 0-1

[Event "Titled Tuesday intern op 29th Aug Late"]
[Site "Chess.com INT"]
[Date "2023.08.29"]
[Round "7"]
[White "Naroditsky, Daniel"]
[Black "Geivondian, Arman"]
[Result "1-0"]
[WhiteElo "2619"]
[BlackElo "2306"]
[PlyCount "41"]
[EventDate "2023.08.29"]
[EventType "swiss (blitz)"]
[EventRounds "11"]
[EventCountry "USA"]
[SourceTitle "EXT 2024"]
[Source "ChessBase"]
[SourceDate "2023.10.10"]
[SourceVersion "1"]
[SourceVersionDate "2023.10.10"]
[SourceQuality "1"]

1. e4 c6 2. Nc3 d5 3. Qf3 dxe4 4. Nxe4 Nf6 5. Bc4 Nbd7 6. d4 Nb6 7. Bd3 Qxd4 8. Ne2 Qd8 9. 0-0 Be6 10. Nf4 Bd5 11. Nxd5 Nbxd5 12. c4 Nb6 13. Re1 e6 14. Bf4 Nxe4 15. Bxe4 Qf6 16. Bxc6+ bxc6 17. Qxc6+ Ke7 18. Bd6+ Kd8 19. Bc7+ Kc8 20. Bxb6+ Kb8 21. Qc7# 1-0

[Event "Titled Tuesday intern op 29th Aug Late"]
[Site "Chess.com INT"]
[Date "2023.08.29"]
[Round "4"]
[White "Quesada Perez, Yasser"]
[Black "Geivondian, Arman"]
[Result "1-0"]
[WhiteElo "2588"]
[BlackElo "2306"]
[PlyCount "111"]
[EventDate "2023.08.29"]
[EventType "swiss (blitz)"]
[EventRounds "11"]
[EventCountry "USA"]
[SourceTitle "EXT 2024"]
[Source "ChessBase"]
[SourceDate "2023.10.10"]
[SourceVersion "1"]
[SourceVersionDate "2023.10.10"]
[SourceQuality "1"]

1. e4 c6 2. d4 d5 3. exd5 cxd5 4. Bd3 Nc6 5. c3 Nf6 6. Bf4 Bg4 7. Qb3 Qc8 8. Nd2 g6 9. Ngf3 Bg7 10. 0-0 0-0 11. Rae1 a6 12. h3 Bf5 13. Bxf5 gxf5 14. Ne5 e6 15. Nd3 Ne4 16. Qd1 b5 17. Qh5 Kh8 18. Nf3 Nf6 19. Qh4 Ne7 20. Nde5 Kg8 21. Ng5 Qd8 22. Re3 h6 23. Ngf3 Kh7 24. g4 fxg4 25. hxg4 Ng6 26. Nxg6 fxg6 27. Ng5+ Kg8 28. Nxe6 Qd7 29. Nxg7 Qxg7 30. Bxh6 Qh7 31. f3 Rf7 32. Rfe1 Kh8 33. Bg5 Qxh4 34. Bxh4 Ng8 35. Kg2 Kg7 36. Re8 Raa7 37. Bg5 Rfd7 38. Rb8 Rab7 39. Rxb7 Rxb7 40. Re6 b4 41. Rxa6 bxc3 42. bxc3 Rb2+ 43. Kg3 Rc2 44. Ra7+ Kf8 45. a4 Rxc3 46. a5 Ra3 47. a6 Ra4 48. Ra8+ Kf7 49. a7 Ra2 50. Kf4 Ra6 51. Ke5 Kg7 52. Kxd5 Kf7 53. Kc4 Ra1 54. d5 Nf6 55. Bxf6 Kxf6 56. Rf8+ 1-0

[Event "Speed Chess Q2 Sw"]
[Site "Chess.com INT"]
[Date "2023.08.23"]
[Round "9"]
[White "Gao, Raymond"]
[Black "Geivondian, Arman"]
[Result "0-1"]
[WhiteElo "1938"]
[BlackElo "2306"]
[PlyCount "82"]
[EventDate "2023.08.23"]
[EventType "swiss (blitz)"]
[EventRounds "14"]
[EventCountry "USA"]
[SourceTitle "CBM 215 Extra"]
[Source "ChessBase"]
[SourceDate "2023.09.30"]
[SourceVersion "1"]
[SourceVersionDate "2023.09.30"]
[SourceQuality "1"]

1. e4 Nc6 2. Nf3 e5 3. d4 exd4 4. Bc4 Bc5 5. c3 dxc3 6. Bxf7+ Kxf7 7. Qd5+ Kf8 8. Qxc5+ d6 9. Qxc3 Nf6 10. Nbd2 Qe8 11. 0-0 Nxe4 12. Nxe4 Qxe4 13. Bg5 Be6 14. Rae1 Qc4 15. Qe3 Kf7 16. Nd2 Qg4 17. h3 Qf5 18. g4 Qd5 19. Qf4+ Kg6 20. h4 h6 21. h5+ Kh7 22. Ne4 Rhf8 23. Qe3 Ne5 24. Rd1 Nxg4 25. Qe2 Qf5 26. Ng3 Qxg5 27. Qxe6 Nxf2 28. Qg6+ Qxg6 29. hxg6+ Kxg6 30. Rxf2 Rxf2 31. Kxf2 Rf8+ 32. Ke3 h5 33. Rh1 Rh8 34. Rh4 Kg5 35. Rc4 c6 36. Ne4+ Kh6 37. Nxd6 Rf8 38. Nxb7 Rf6 39. Nd8 g5 40. b4 h4 41. a4 h3 0-1

[Event "Speed Chess Q2 Sw"]
[Site "Chess.com INT"]
[Date "2023.08.23"]
[Round "10"]
[White "Geivondian, Arman"]
[Black "Garcia Correa, Jose Ricardo"]
[Result "1-0"]
[WhiteElo "2306"]
[BlackElo "2103"]
[PlyCount "107"]
[EventDate "2023.08.23"]
[EventType "swiss (blitz)"]
[EventRounds "14"]
[EventCountry "USA"]
[SourceTitle "CBM 215 Extra"]
[Source "ChessBase"]
[SourceDate "2023.09.30"]
[SourceVersion "1"]
[SourceVersionDate "2023.09.30"]
[SourceQuality "1"]

1. c4 e5 2. Nc3 f5 3. e3 Nf6 4. d4 e4 5. f3 c6 6. fxe4 fxe4 7. Bd2 d5 8. cxd5 cxd5 9. Nge2 Bd6 10. Qb3 0-0 11. Nxd5 Kh8 12. Ndf4 g5 13. Ne6 Bxe6 14. Qxe6 Re8 15. Qf5 Nbd7 16. 0-0-0 Rf8 17. Qxg5 Rc8+ 18. Nc3 a6 19. Kb1 b5 20. Nd5 Nxd5 21. Qxd5 Nf6 22. Qb3 Ng4 23. Be2 Nf2 24. Qe6 Nxd1 25. Rxd1 Rf2 26. d5 b4 27. Bxa6 Rc7 28. Qxe4 Re7 29. Qd4+ Kg8 30. Bxb4 Bxb4 31. Qxb4 Rxe3 32. d6 Rf6 33. Qd4 Re8 34. Bc4+ Kg7 35. g4 Kg6 36. h4 h6 37. g5 hxg5 38. hxg5 Rff8 39. Bd3+ Kf7 40. Qf6+ Qxf6 41. gxf6 Kxf6 42. Bb5 Rd8 43. a4 Ke5 44. d7 Ke6 45. Ka2 Rf5 46. Ka3 Rc5 47. Kb4 Rc2 48. b3 Rf2 49. a5 Rf4+ 50. Ka3 Rf5 51. Ka4 Rf4+ 52. b4 Rf2 53. Bc6 Rc2 54. Kb5 1-0

[Event "Speed Chess Q2 Sw"]
[Site "Chess.com INT"]
[Date "2023.08.23"]
[Round "8"]
[White "Geivondian, Arman"]
[Black "Reprintsev, Alexander"]
[Result "0-1"]
[WhiteElo "2306"]
[BlackElo "2225"]
[PlyCount "136"]
[EventDate "2023.08.23"]
[EventType "swiss (blitz)"]
[EventRounds "14"]
[EventCountry "USA"]
[SourceTitle "CBM 215 Extra"]
[Source "ChessBase"]
[SourceDate "2023.09.30"]
[SourceVersion "1"]
[SourceVersionDate "2023.09.30"]
[SourceQuality "1"]

1. e4 d5 2. e5 c5 3. c3 Bf5 4. d4 e6 5. Nf3 Nc6 6. Bb5 Nge7 7. dxc5 Qc7 8. Bf4 Ng6 9. Bg3 h5 10. h4 Bxc5 11. 0-0 Bg4 12. Re1 a6 13. Bxc6+ bxc6 14. Nbd2 a5 15. Qc2 0-0 16. Nd4 Bxd4 17. cxd4 Bf5 18. Qc3 Rfb8 19. Rac1 Qb6 20. b3 a4 21. Qxc6 Qxd4 22. Nf3 Qb4 23. bxa4 Qxa4 24. Qxa4 Rxa4 25. Re2 Bg4 26. Rec2 Bxf3 27. gxf3 Nxh4 28. Rc3 Nf5 29. Bh2 Rxa2 30. R1c2 Rxc2 31. Rxc2 Rb3 32. Kg2 Nh4+ 33. Kh3 Nxf3 34. Rc8+ Kh7 35. Bf4 Nxe5+ 36. Kg2 Ng6 37. Bd2 e5 38. Rc7 f6 39. Bc1 d4 40. Bd2 h4 41. Ra7 h3+ 42. Kh2 Nh4 43. Ba5 Rf3 44. Bd8 Kg6 45. Be7 Nf5 46. Bb4 Rxf2+ 47. Kxh3 Rf3+ 48. Kg2 Rb3 49. Bf8 e4 50. Rd7 Kg5 51. Bc5 Kf4 52. Ra7 Rb2+ 53. Kh3 g5 54. Bd6+ Nxd6 55. Ra2 g4+ 56. Kh4 Rxa2 57. Kh5 g3 58. Kg6 g2 59. Kg7 g1Q+ 60. Kf8 f5 61. Ke7 Qg7+ 62. Ke6 Qg6+ 63. Kd5 Ra5+ 64. Kc6 Nc4+ 65. Kb7 Qb6+ 66. Kc8 Ra8+ 67. Kd7 Ra7+ 68. Kc8 Qc7# 0-1

[Event "Speed Chess Q2 Sw"]
[Site "Chess.com INT"]
[Date "2023.08.23"]
[Round "3"]
[White "Geivondian, Arman"]
[Black "Sychev, Klementy"]
[Result "1-0"]
[WhiteElo "2306"]
[BlackElo "2552"]
[PlyCount "85"]
[EventDate "2023.08.23"]
[EventType "swiss (blitz)"]
[EventRounds "14"]
[EventCountry "USA"]
[SourceTitle "CBM 215 Extra"]
[Source "ChessBase"]
[SourceDate "2023.09.30"]
[SourceVersion "1"]
[SourceVersionDate "2023.09.30"]
[SourceQuality "1"]

1. e4 e5 2. Nf3 Nc6 3. Nc3 Nf6 4. h3 Bb4 5. Bc4 0-0 6. 0-0 Bxc3 7. dxc3 Nxe4 8. Re1 Nd6 9. Bd5 Nf5 10. Bxc6 bxc6 11. Nxe5 Re8 12. Bf4 Rb8 13. b3 f6 14. Nf3 d6 15. Qd2 Bb7 16. Nd4 Qd7 17. c4 Nh4 18. Bg3 Ng6 19. Rxe8+ Rxe8 20. Re1 c5 21. Rxe8+ Qxe8 22. Nb5 Qc6 23. Qd5+ Qxd5 24. cxd5 Bxd5 25. Nxc7 Be4 26. Bxd6 c4 27. bxc4 Bxc2 28. c5 Ba4 29. Kf1 Kf7 30. Ke2 Bc6 31. g3 Ne7 32. Bxe7 Kxe7 33. Ke3 g5 34. f4 h6 35. Na6 Ke6 36. Nb4 Bg2 37. h4 a5 38. Nc2 gxh4 39. gxh4 Kd5 40. c6 Kxc6 41. Kd4 Kd6 42. Ne3 Ke6 43. Nxg2 1-0

[Event "Speed Chess Q2 Sw"]
[Site "Chess.com INT"]
[Date "2023.08.23"]
[Round "6"]
[White "Xiong, Jeffery"]
[Black "Geivondian, Arman"]
[Result "1-0"]
[WhiteElo "2693"]
[BlackElo "2306"]
[PlyCount "51"]
[EventDate "2023.08.23"]
[EventType "swiss (blitz)"]
[EventRounds "14"]
[EventCountry "USA"]
[SourceTitle "CBM 215 Extra"]
[Source "ChessBase"]
[SourceDate "2023.09.30"]
[SourceVersion "1"]
[SourceVersionDate "2023.09.30"]
[SourceQuality "1"]

1. e4 c6 2. Nf3 d5 3. d3 Qc7 4. exd5 cxd5 5. c4 dxc4 6. dxc4 Nc6 7. Nc3 Nf6 8. Be2 Bf5 9. 0-0 e6 10. Nb5 Qd8 11. Bf4 Bc5 12. Nc7+ Ke7 13. Nxa8 Qxa8 14. a3 Rd8 15. Qe1 a5 16. b4 Bd4 17. Nxd4 Nxd4 18. Rd1 axb4 19. axb4 Qa2 20. Rd2 Qb3 21. Be3 Nc2 22. Bc5+ Ke8 23. Rxd8+ Kxd8 24. Qd2+ Nd7 25. Rd1 e5 26. Qg5+ 1-0

[Event "Titled Tuesday intern op 22nd Aug Late"]
[Site "Chess.com INT"]
[Date "2023.08.22"]
[Round "7"]
[White "Geivondian, Arman"]
[Black "Diaz Perez, Michel Alejandro"]
[Result "1-0"]
[WhiteElo "2306"]
[BlackElo "2473"]
[PlyCount "95"]
[EventDate "2023.08.22"]
[EventType "swiss (blitz)"]
[EventRounds "11"]
[EventCountry "USA"]
[SourceTitle "EXT 2024"]
[Source "ChessBase"]
[SourceDate "2023.10.10"]
[SourceVersion "1"]
[SourceVersionDate "2023.10.10"]
[SourceQuality "1"]

1. e4 c6 2. Nf3 d5 3. d3 dxe4 4. dxe4 Qxd1+ 5. Kxd1 Bg4 6. Be2 Nd7 7. Ne1 Be6 8. c3 f6 9. Kc2 Bf7 10. Be3 e5 11. Nd3 Bd6 12. Nd2 Ne7 13. a4 0-0 14. Rhd1 Rfd8 15. a5 Ng6 16. g3 Ngf8 17. h4 Ne6 18. b4 b5 19. axb6 axb6 20. Nb2 b5 21. Nb3 Ndf8 22. Rxa8 Rxa8 23. Rxd6 Ra3 24. Nc1 g5 25. hxg5 Nxg5 26. Bxg5 fxg5 27. Rxc6 Bg6 28. f3 g4 29. Ncd3 Nd7 30. Rd6 Nf8 31. Nxe5 gxf3 32. Bxf3 Kg7 33. Nxg6 Nxg6 34. Be2 Ne5 35. Bxb5 Ng4 36. Nc4 Ra2+ 37. Kb3 Rg2 38. Bd7 Rxg3 39. Bxg4 Rxg4 40. b5 Rxe4 41. b6 Re7 42. Na5 Re5 43. Kb4 h5 44. b7 Re8 45. Nc6 h4 46. b8Q Rxb8+ 47. Nxb8 h3 48. Rd1 1-0

[Event "Titled Tuesday intern op 22nd Aug Late"]
[Site "Chess.com INT"]
[Date "2023.08.22"]
[Round "9"]
[White "Kamsky, Gata"]
[Black "Geivondian, Arman"]
[Result "1/2-1/2"]
[WhiteElo "2641"]
[BlackElo "2306"]
[PlyCount "185"]
[EventDate "2023.08.22"]
[EventType "swiss (blitz)"]
[EventRounds "11"]
[EventCountry "USA"]
[SourceTitle "EXT 2024"]
[Source "ChessBase"]
[SourceDate "2023.10.10"]
[SourceVersion "1"]
[SourceVersionDate "2023.10.10"]
[SourceQuality "1"]

1. d4 Nf6 2. Bf4 e6 3. e3 c5 4. c3 Nc6 5. Nd2 d5 6. Ngf3 Bd6 7. Bg3 0-0 8. Bd3 Qe7 9. Ne5 Bxe5 10. dxe5 Nd7 11. f4 f6 12. Nf3 fxe5 13. fxe5 c4 14. Bc2 Nc5 15. 0-0 Bd7 16. Bh4 Qe8 17. Bg3 Qh5 18. b4 Nd3 19. Bxd3 cxd3 20. Qxd3 Be8 21. c4 Bg6 22. Qb3 Be4 23. cxd5 Bxd5 24. Qc3 Rac8 25. b5 Ne7 26. Qa3 Nf5 27. Rac1 Rxc1 28. Qxc1 Qe8 29. a4 a6 30. Qc5 axb5 31. axb5 Qg6 32. Nh4 Qg5 33. Nxf5 Rxf5 34. Rxf5 Qxf5 35. Qc1 h6 36. h3 Qd3 37. Qb2 Qxe3+ 38. Kh2 Qb6 39. Bf2 Qc7 40. b6 Qf7 41. Be3 Qf5 42. Qd4 Qf1 43. Qg4 h5 44. Qg3 Qf5 45. Qg5 Qe4 46. h4 Qc2 47. Bd4 Qe2 48. Bc5 Qg4 49. Qxg4 hxg4 50. Kg3 Kh7 51. Kxg4 Kg6 52. g3 Be4 53. Kf4 Bd5 54. Bd6 Bc6 55. Bc7 Bd5 56. Bd6 Bc6 57. g4 Bd5 58. h5+ Kh7 59. Kg5 Be4 60. Bf8 Bf3 61. Kf4 Bd1 62. Kg5 Bc2 63. Kh4 Bd1 64. g5 g6 65. h6 Be2 66. Be7 Bf3 67. Bf6 Bc6 68. Kg3 Bd5 69. Kf4 Bc6 70. Ke3 Bd5 71. Kd4 Bc6 72. Kc5 Bd5 73. Kd6 Kg8 74. Kd7 Kh7 75. Ke7 Bc4 76. Kf7 Bd5 77. Be7 Bc4 78. Bd6 Bd5 79. Kf6 Bc4 80. Bc5 Bb3 81. Bd6 Ba2 82. Ke7 Bb3 83. Kd7 Bc4 84. Kc7 Bd5 85. Kc8 Bc6 86. Be7 Bd5 87. Bf6 Bc6 88. Kc7 Bd5 89. Kd6 Bc4 90. Ke7 Bd5 91. Kf7 Bc4 92. Ke7 Bd5 93. Kd6 1/2-1/2

[Event "Titled Tuesday intern op 01st Aug Late"]
[Site "Chess.com INT"]
[Date "2023.08.01"]
[Round "4"]
[White "Makarian, Rudik"]
[Black "Geivondian, Arman"]
[Result "1-0"]
[WhiteElo "2546"]
[BlackElo "2306"]
[PlyCount "89"]
[EventDate "2023.08.01"]
[EventType "swiss (blitz)"]
[EventRounds "11"]
[EventCountry "USA"]
[SourceTitle "EXT 2024"]
[Source "ChessBase"]
[SourceDate "2023.10.10"]
[SourceVersion "1"]
[SourceVersionDate "2023.10.10"]
[SourceQuality "1"]

1. d4 Nf6 2. c4 e6 3. Nf3 Bb4+ 4. Bd2 Qe7 5. g3 0-0 6. Bg2 Bxd2+ 7. Qxd2 d6 8. 0-0 e5 9. Nc3 Nc6 10. d5 Nb8 11. Ne1 a5 12. Nd3 Na6 13. e4 Nd7 14. Rae1 Nac5 15. f4 Nxd3 16. Qxd3 Nc5 17. Qd2 exf4 18. gxf4 Qh4 19. f5 Qf6 20. Re3 b6 21. Nb5 Ba6 22. Nxc7 Rac8 23. Nxa6 Nxa6 24. b3 Nc5 25. Qc3 Qxc3 26. Rxc3 Rfe8 27. Re3 f6 28. Kf2 Re5 29. Rfe1 Rce8 30. Kf3 Kf7 31. h4 Rb8 32. Bf1 g6 33. fxg6+ hxg6 34. a3 Rh8 35. Kg3 g5 36. b4 gxh4+ 37. Kh2 Na6 38. c5 Nb8 39. c6 axb4 40. axb4 f5 41. b5 Kf6 42. Bh3 fxe4 43. c7 Rxd5 44. Rxe4 Rxb5 45. Re8 1-0

[Event "Titled Tuesday intern op 18th Jul Late"]
[Site "Chess.com INT"]
[Date "2023.07.18"]
[Round "10"]
[White "Ansh, M Shah"]
[Black "Geivondian, Arman"]
[Result "1-0"]
[WhiteElo "2173"]
[BlackElo "2356"]
[PlyCount "109"]
[EventDate "2023.07.18"]
[EventType "swiss (blitz)"]
[EventRounds "11"]
[EventCountry "USA"]
[SourceTitle "EXT 2024"]
[Source "ChessBase"]
[SourceDate "2023.10.10"]
[SourceVersion "1"]
[SourceVersionDate "2023.10.10"]
[SourceQuality "1"]

1. Nf3 Nf6 2. g3 g6 3. Bg2 Bg7 4. 0-0 0-0 5. b3 d5 6. Bb2 c5 7. e3 Nc6 8. d4 cxd4 9. Nxd4 Bg4 10. Qc1 Rc8 11. h3 Bd7 12. Nd2 Re8 13. Qd1 e5 14. Nxc6 Bxc6 15. c4 Qd7 16. cxd5 Nxd5 17. Nc4 Rcd8 18. Qe2 Qe6 19. Rfd1 Nc7 20. Rxd8 Rxd8 21. Rd1 Rxd1+ 22. Qxd1 Bf6 23. Bxc6 bxc6 24. Qg4 Qe7 25. Qc8+ Kg7 26. Qb7 Qd7 27. Bxe5 Qd1+ 28. Kh2 Qf3 29. Bxf6+ Kxf6 30. Kg1 Qd1+ 31. Kg2 Qd5+ 32. Kf1 Qd1+ 33. Kg2 Qd5+ 34. e4 Qxe4+ 35. Kh2 Ne6 36. Qxa7 Qe2 37. a4 c5 38. Kg1 Qd1+ 39. Kg2 Qxb3 40. Ne3 Qd3 41. Qb7 Kg7 42. a5 Nd8 43. Qc7 Qe4+ 44. Kh2 Ne6 45. Qd6 Qf3 46. Qe5+ Kg8 47. Qb2 Nd4 48. a6 Ne2 49. Qb8+ Kg7 50. Qe5+ f6 51. Qe7+ Kh6 52. Ng4+ Kg5 53. Qxc5+ f5 54. Qe7+ Kh5 55. Qh4# 1-0

[Event "Titled Tuesday intern op 18th Jul Late"]
[Site "Chess.com INT"]
[Date "2023.07.18"]
[Round "8"]
[White "Erzhanov, Arman"]
[Black "Geivondian, Arman"]
[Result "1-0"]
[WhiteElo "2198"]
[BlackElo "2356"]
[PlyCount "135"]
[EventDate "2023.07.18"]
[EventType "swiss (blitz)"]
[EventRounds "11"]
[EventCountry "USA"]
[SourceTitle "EXT 2024"]
[Source "ChessBase"]
[SourceDate "2023.10.10"]
[SourceVersion "1"]
[SourceVersionDate "2023.10.10"]
[SourceQuality "1"]

1. e4 c6 2. d4 d5 3. exd5 cxd5 4. Bd3 Nc6 5. c3 Nf6 6. h3 g6 7. Nf3 Bf5 8. Be2 Bg7 9. 0-0 0-0 10. Bf4 Rc8 11. Re1 e6 12. Bf1 h6 13. Bh2 g5 14. Ne5 Nd7 15. Nxd7 Qxd7 16. Nd2 f6 17. Nf3 Bg6 18. Bb5 a6 19. Bf1 b5 20. a3 Na5 21. b4 Nc4 22. Qb3 Rc6 23. a4 Rfc8 24. axb5 axb5 25. Ra2 h5 26. Rea1 g4 27. hxg4 hxg4 28. Nh4 Bh7 29. Ra7 Qe8 30. Rb7 Qh5 31. Raa7 Qxh4 32. Rxg7+ Kh8 33. Rxh7+ Qxh7 34. Rxh7+ Kxh7 35. Qb1+ f5 36. Qa1 Kg6 37. Qa7 Nd2 38. Be5 Rg8 39. Qd7 Rb6 40. Bxb5 Ne4 41. Bc6 Ng5 42. b5 Kh5 43. Bc7 Rbb8 44. Bxb8 Rxb8 45. Qe7 Rg8 46. Be8+ Kh6 47. Qf6+ Kh7 48. Bf7 Rg7 49. Bxe6 g3 50. Bxf5+ Kg8 51. fxg3 Ne4 52. Qd8+ Kf7 53. Qxd5+ Kf6 54. Qxe4 Rxg3 55. Qe6+ Kg5 56. Qg6+ Kf4 57. Qxg3+ Kxg3 58. b6 Kf4 59. b7 Ke3 60. b8Q Kd2 61. Qg3 Kc1 62. c4 Kb2 63. c5 Ka1 64. c6 Kb2 65. c7 Kc1 66. c8Q+ Kb2 67. Qgc3+ Ka2 68. Qa6# 1-0